| 000 -LEADER |
| fixed length control field |
00598nam a22001217a 4500 |
| 040 ## - CATALOGING SOURCE |
| Transcribing agency |
RUA |
| 082 ## - DEWEY DECIMAL CLASSIFICATION NUMBER |
| Classification number |
DVM MAN 2025 B707 Or.1 |
| 100 ## - MAIN ENTRY--AUTHOR NAME |
| Personal name |
MANG SONITA, ម៉ង់ សូនីតា |
| 245 ## - TITLE STATEMENT |
| Title |
Antibody titer of canine rabies in boeng dol commune, preah sdach district, prey veng province, កម្រិតអង់ទីករនៃជំងឺឆ្កែឆ្គួតលើសុនខ នៅឃុំបឹងដោល ស្រុកព្រះស្ដេច ខេត្តព្រៃវែង |
| 260 ## - PUBLICATION, DISTRIBUTION, ETC. (IMPRINT) |
| Place of publication |
PHNOM PENH |
| Name of publisher |
RUA |
| Year of publication |
2025 |
| 300 ## - PHYSICAL DESCRIPTION |
| Number of Pages |
x,70p. |
| Other physical details |
ill. |
| Dimensions |
29cm. |
| 942 ## - ADDED ENTRY ELEMENTS (KOHA) |
| Koha item type |
MGR |
| 952 ## - LOCATION AND ITEM INFORMATION (KOHA) |
| Withdrawn status [LOCAL, KOHA] |
0 |
| 952 ## - LOCATION AND ITEM INFORMATION (KOHA) |
| Withdrawn status [LOCAL, KOHA] |
0 |